00712nam a2200253 a 4500001001300000003000900013005001700022008004100039020000900080082001700089100002500106245001400131260005400145300000900199500003500208505001000243650002300253650001100276700002500287902000800312942000700320952011600327999001500443nice12345678IN_TiNIC20260116012430.0050524s1991 hyda grp 000 0 urd  ac2500a297.409bRAS aRasheedulhasan, Syed aKhanqahen aHyderabad bMarkazi Anjuman Taleemus Salat c1991 a214p aincludes index and biblioraphy2 aIndex aSufism-Monasteries aSufism1 aRasheedulhasan, Syed bSRS cBK 001040708StackRoom-aHMIbHMId2007-07-03g25.00l0o297.409 RASp014310r2007-07-03v25.00w2005-05-24yBK c7001d7001